Länder, die auf Deutsch und Englisch gleich sind - Statistiken

Allgemein
  • Dieses Quiz wurde 613 mal gespielt
  • Das Durchschnittsergebnis liegt bei 37 aus 80
Antworten auf der Karte
Die Antworten werden auf der Karte rot bzw. grün angezeigt, abhängig davon wie oft sie richtig erraten wurden.
 
Antwortstatistiken
Land % Korrekt
Chile
82%
China
81%
Peru
76%
Japan
74%
Iran
67%
Paraguay
67%
Uruguay
67%
Panama
63%
Portugal
63%
Haiti
61%
Niger
61%
Venezuela
60%
Ecuador
59%
Mali
58%
Costa Rica
57%
Guatemala
57%
Honduras
57%
Guyana
56%
Nigeria
56%
Oman
56%
Ghana
55%
Nicaragua
55%
Suriname
55%
Togo
55%
Vietnam
55%
Belize
54%
Sudan
54%
Bahamas
52%
Pakistan
52%
Laos
51%
Namibia
51%
Somalia
50%
Angola
48%
El Salvador
48%
Afghanistan
47%
Israel
47%
Benin
46%
Malta
46%
Nepal
46%
Thailand
46%
Lesotho
45%
Gambia
44%
Guinea
44%
Senegal
44%
San Marino
42%
Bhutan
41%
Monaco
41%
Sri Lanka
41%
Ukraine
41%
Andorra
40%
Dominica
39%
Uganda
39%
Samoa
38%
Tonga
38%
Barbados
37%
Eritrea
37%
Guinea-Bissau
37%
Liechtenstein
37%
Liberia
35%
Malaysia
35%
Grenada
34%
Palau
34%
St. Lucia
34%
Tuvalu
34%
Burkina Faso
33%
Kuwait
33%
Nauru
33%
Sierra Leone
33%
Taiwan
33%
Bahrain
32%
Burundi
32%
Kiribati
32%
Kosovo
32%
Botswana
31%
Vanuatu
31%
Brunei
30%
Malawi
29%
Mauritius
28%
Turkmenistan
24%
Montenegro
21%
Keine übereinstimmenden Quizze gefunden
Verteilung der Resultate
Anzahl Personen mit jedem Resultat
Perzentil nach korrekt beantworteten Fragen
Ihre Resultats-Entwicklung
Sie haben dieses Quiz noch nicht gespielt